MDQL
is popping MORE tags! Check the
thread
!
Quizzes
Events
Quiz Creation
Community
Videos
Private Events
Remove Ads
Sign In
Join for FREE
Feedback
Dark Mode
Quiz Categories
Sports
Geography
Music
Movies
Television
Just For Fun
Miscellaneous
History
Literature
Language
Science
Gaming
Entertainment
Religion
Holiday
For Kids
Quiz Lab
Recent
Popular Today
Quiz Kudos Today
Editor Picks
Curator Picks
Quizzes by...
Day
Popularity
Type
Ratings
Length
Year
Community
Subscriptions
Recent Discussions
Orange Saloon
Badges
Playlists
Quests
Create
Leaderboards
Showdown
Live 5
Trivia Bingo
Activity
Puzzle Library
Sporcle Events
Private Events
Virtual Trivia
Globe League
Become a Host
Pub Owners
SporcleCon
Opinionation
Our Games
Videos
Blog
Mobile Apps
Partnerships
Remove Ads and Go Orange
Feedback
Sports
Athletes
MLB
NBA
NHL
NFL
Soccer
Sports Teams
WWE
NCAA
Football
Premier League
Basketball
Baseball
Hockey
Golf
Tennis
Cricket
Rugby
Auto Racing
Olympics
World Cup
Sports
Athletes
MLB
NBA
NHL
NFL
Soccer
Sports Teams
WWE
NCAA
Football
Premier League
Basketball
Baseball
Hockey
Golf
Tennis
Cricket
Rugby
Auto Racing
Olympics
World Cup
Random Quiz
Search Sporcle
×
Quiz Lab
Quiz Lab
Sports
NBA
Type in answers that appear in a list
Type in answers that appear in a list
Classic
Best Score? Go Orange.
NBA All-Star Rosters 1989 Stats
Can you name the NBA All-Star Rosters 1989?
By
justjacq
6m
24 Questions
390 Plays
390 Plays
390 Plays
Comments
Comments
Give Quiz Kudos
Give Quiz Kudos
-
- Ratings
hide this ad
More Info
Replay
Link that replays current quiz
Next Quiz
Link to next quiz in quiz playlist
You Got
0%
They Got
Avg Score
78%
Avg Friend Score
Upgrade to see
Score Distribution
Jump to the score distribution portion of the page
Score
0/24
Timer
06:00
0
Plays Today
Team
Player
% Correct
Utah Jazz
Karl Malone
99%
Atlanta Hawks
Moses Malone
98.2%
Utah Jazz
John Stockton
97.2%
Chicago Bulls
Michael Jordan
96.9%
Detroit Pistons
Isiah Thomas
95.6%
Houston Rockets
Hakeem Olajuwon
94.1%
Portland Trailblazers
Clyde Drexler
92.8%
N.Y. Knicks
Patrick Ewing
92.8%
L.A. Lakers
James Worthy
92.6%
Atlanta Hawks
Dominique Wilkins
90.8%
Philadelphia 76ers
Charles Barkley
89.5%
Cleveland Cavs
Mark Price
87.9%
Team
Player
% Correct
Golden State Warriors
Chris Mullin
84.4%
Boston Celtics
Kevin McHale
84.4%
Cleveland Cavs
Brad Daugherty
77.4%
Denver Nuggets
Alex English
76.7%
L.A. Lakers
Kareem Abdul-Jabbar
74.6%
Phoenix Suns
Tom Chambers
68.7%
Utah Jazz
Mark Eaton
60.3%
Cleveland Cavs
Larry Nance
60.3%
Portland Trailblazers
Kevin Duckworth
51%
N.Y. Knicks
Mark Jackson
50.5%
Seattle Supersonics
Dale Ellis
45.1%
Milwaukee Bucks
Terry Cummings
32.8%
Quiz Playlist
Details
Report
Send in Message
Add To Playlist
More Info:
Can you name the rosters of the 1989 NBA All-Star Game. Last Names are ok. Injured players that did not play on not on the list
Classic:
Type in answers that appear in a list
Quiz Source
Last Updated: Feb 16, 2017
Quiz Scoreboard
CHALLENGE
Sign Up to Join the Scoreboard
Show All
Scores
Hide
Comments
May contain spoilers
Recently Published
1-10 Letter E Words III
by El_Dandy
Language
2m
Street Fighter Characters
by Artimus82
Gaming
60s
College Basketball Coaching Resumes
by pancakes188
Sports
9m
More to Explore
Quiz From the Vault
Featured Blog Post
Where Did the Easter Bunny Come From?
hide this ad
You Might Also Like...
Tags
Basketball Quiz
NBA Quiz
NBA All-Star
Today's Top Quizzes in Sports
Browse Sports
hide this ad
Today's Top Quizzes in NBA
Browse NBA
Top Contributed Quizzes in Sports
1
2022 World Cup Stars
2
Les meilleurs buteurs des matchs entre le PSG et l’OM
3
FIFA Club World Cup Champions
4
Les entraîneurs de l'OM et du PSG au 21e siècle
5
Criteria MLB: Left Handed Sluggers
6
2023 MLB Unique Player Accomplishments
7
AFC Teams Reveal (Wrong Answers Minefield)
8
Players with Multiple 50 Home Run Seasons
9
5-to-1: FBS Animal Nicknames
10
5-to-1: UK Sports Teams
Explore More
Trending Topics
Disney
Harry Potter
Crossword
Kpop
Anime
NBA
Marvel
Puzzle
Pokémon
The Office
WWE
NFL
Song
Country
Soccer
hide this ad
More By:
justjacq
Quiz
Plays
Rating
Category
Featured
Created
NFL QBs with 35+ TDs in a Season
129,603
4.42
Sports
Aug 2, 2011
NFL Most QB Starts per Decade
53,830
4.66
Sports
Jul 28, 2011
NFL - Last 5 QBs to Start for Each Team
18,604
4.45
Sports
Aug 4, 2011
Top 3 heisman trophy finalists 1980-2010
9,443
4.63
Sports
Oct 14, 2011
top 10 NFL All Time QB Rushing Leaders
4,580
4.06
Sports
Jan 27, 2011
Go to Creator's Profile
Score Distribution
Quiz Creator Spotlight
justjacq
Follow
Send a Message
Quizzes Created
-
Created Quiz Play Count
-
More By This Creator
Popular Quizzes Today
1
Find the US States - No Outlines Minefield
2
Find the Countries of Europe - No Outlines Minefield
3
The Countries of the World
4
Find the US States
5
Risky Map Clicking: Biggest States A-Z
6
US States
7
Popular People in 1961
8
Movies - When Are They Set?
More Sports Quizzes
What's My Country - 2018 Winter Olympics
Curator's Pick
Trending Quizzes
Risky Map Clicking: Least Populous States A-Z
1-10 Letter G Words
1-10 Letter F Words
Countries of the World: 200 Million BC
Risky Map Clicking: Next State Alphabetically
Recently Updated
Beyoncé Albums
pecheneg
Leaping Animals
pecheneg
Reality TV Shows (A-Z)
bhenderson79
Rickey Henderson's Hall of Fame Teammates
pecheneg
Champions League XIs: Arsenal
pecheneg
Quick Pick: Celebrities in WWE's Hall of Fame
aduchscher
A-Z Keypad Blitz II
pecheneg
Multiple Oscar Actors
pecheneg
Mystery Phrase Blitz: Oscar 'Best Actors'
pecheneg
F. Scott Fitzgerald Novels
LTH
Trending Topics
Harry Potter
Crossword
Disney
Kpop
NBA
Anime
Marvel
NFL
Song
Country
WWE
The Office
Pokémon
Soccer
Puzzle
Your Account Isn't Verified!
In order to create a playlist on Sporcle, you need to verify the email address you used during registration. Go to your
Sporcle Settings
to finish the process.
Report this User
Report this user for behavior that violates our
Community Guidelines
.
Details:
Send Report
Go to the Sporcle.com Mobile Site →
Comments